Phố : Tiểu thuyết /

Shranjeno v:
Bibliografske podrobnosti
Glavni avtor: Chu Lai.
Format: Sách giấy
Jezik:Vietnamese
Izdano: Hà Nội : Văn học, 2001.
Teme:
Oznake: Označite
Brez oznak, prvi označite!
Thư viện lưu trữ: Thư viện Trường Đại học Đà Lạt
LEADER 00689nam a2200301 4500
001 DLU090103268
005 ##20091231
020 # # |a 978- 
041 # # |a vie 
082 # # |a TV  |b CH-L 
100 # # |a Chu Lai. 
245 # # |a Phố :  |b Tiểu thuyết /  |c Chu Lai. 
260 # # |a Hà Nội :  |b Văn học,  |c 2001. 
300 # # |a 408 tr.;   |c 19 cm. 
653 # # |a Tiểu thuyết 
653 # # |a Văn học hiện đại 
653 # # |a Văn học Việt Nam 
923 # # |a 15/2009 
991 # # |a SH 
992 # # |a 38000 
994 # # |a DLU 
900 # # |a True 
911 # # |a Đào Thị Thu Huyền 
925 # # |a G 
926 # # |a A 
927 # # |a SH 
980 # # |a Thư viện Trường Đại học Đà Lạt